Normal view
MARC view
- ASSOCIATION,SAILING US
Entry Personal Name
001 - CONTROL NUMBER
- control field: 133284
003 - CONTROL NUMBER IDENTIFIER
- control field: NUST
005 - DATE AND TIME OF LATEST TRANSACTION
- control field: 20260217101112.0
008 - FIXED-LENGTH DATA ELEMENTS
- fixed length control field: 260217|| aca||aabn | a|a d
040 ## - CATALOGING SOURCE
- Original cataloging agency: NUST
- Transcribing agency: NUST
100 ## - HEADING--PERSONAL NAME
- Personal name: ASSOCIATION,SAILING US
670 ## - SOURCE DATA FOUND
- Source citation: Work cat.: (NUST): ASSOCIATION,SAILING US., BASIC KEELBOARD THE NATIONAL STANDARD FOR QUALITY SAILING INSTRUCTION /, 1949.
